000 00538nam a2200229Ia 4500
003 OSt
005 20220924141956.0
006 a|||||r|||| 00| 0
007 ta
008 220923b |||||||| |||| 00| 0 ben d
024 _a299960
037 _cTextual
040 _aARTS
_cARTS
_bben
041 _2ben
_aben
082 _aU8.1, 157L4.2
100 _aDevi
_9208423
245 0 _aSudoorer piyasi
260 _c1974
650 _aGEOGRAPHY
942 _hU8.1, 157L4.2
_cTEXL
_2CC
999 _c448862
_d448862